Herby Stolic Powiatów w Polsce - Statystyki

Ogólne statystyki
  • Ten quiz został rozwiązany 20 razy
  • Średni wynik to 91 z 335
Statystyki odpowiedzi
Obrazkowy Odpowiedź % Poprawnych
Łódź
83%
Wrocław
83%
Gdańsk
75%
Jelenia Góra
75%
Lublin
75%
Świnoujście
75%
Toruń
75%
Bydgoszcz
67%
Gdynia
67%
Rzeszów
67%
Szczecin
67%
Warszawa
67%
Elbląg
58%
Gorzów Wielkopolski
58%
Katowice
58%
Kielce
58%
Kraków
58%
Mielec
58%
Poznań
58%
Tarnów
58%
Wałbrzych
58%
Zielona Góra
58%
Aleksandrów Kujawski
50%
Białystok
50%
Bielsko-Biała
50%
Chełm
50%
Grudziądz
50%
Kłodzko
50%
Konin
50%
Koszalin
50%
Legnica
50%
Olsztyn
50%
Piotrków Trybunalski
50%
Przemyśl
50%
Radom
50%
Rybnik
50%
Słupsk
50%
Sopot
50%
Stalowa Wola
50%
Tarnobrzeg
50%
Żyrardów
50%
Biała Podlaska
42%
Częstochowa
42%
Głogów
42%
Gniezno
42%
Jastrzębie-Zdrój
42%
Kwidzyn
42%
Leszno
42%
Łomża
42%
Łowicz
42%
Nowy Sącz
42%
Opole
42%
Sępólno Krajeńskie
42%
Sosnowiec
42%
Tychy
42%
Włocławek
42%
Zawiercie
42%
Brodnica
33%
Bytom
33%
Chełmno
33%
Chrzanów
33%
Dąbrowa Górnicza
33%
Ełk
33%
Gliwice
33%
Inowrocław
33%
Kalisz
33%
Kędzierzyn-Koźle
33%
Koło
33%
Kołobrzeg
33%
Kościerzyna
33%
Lubaczów
33%
Lubin
33%
Malbork
33%
Mońki
33%
Mysłowice
33%
Olkusz
33%
Piekary Śląskie
33%
Piła
33%
Płock
33%
Pruszcz Gdański
33%
Pruszków
33%
Siedlce
33%
Skarżysko-Kamienna
33%
Stargard
33%
Strzelin
33%
Suwałki
33%
Świdnica
33%
Świdnik
33%
Świebodzin
33%
Świecie
33%
Wejherowo
33%
Wieliczka
33%
Wołów
33%
Zabrze
33%
Zakopane
33%
Zamość
33%
Augustów
25%
Bartoszyce
25%
Bełchatów
25%
Bielsk Podlaski
25%
Bochnia
25%
Bolesławiec
25%
Braniewo
25%
Brzeg
25%
Bytów
25%
Chojnice
25%
Chorzów
25%
Ciechanów
25%
Człuchów
25%
Dąbrowa Tarnowska
25%
Działdowo
25%
Dzierżoniów
25%
Garwolin
25%
Giżycko
25%
Głubczyce
25%
Gołdap
25%
Grajewo
25%
Gryfice
25%
Gryfino
25%
Hajnówka
25%
Iława
25%
Jawor
25%
Jaworzno
25%
Kamień Pomorski
25%
Kartuzy
25%
Kętrzyn
25%
Kłobuck
25%
Kluczbork
25%
Kolbuszowa
25%
Kolno
25%
Końskie
25%
Krapkowice
25%
Kraśnik
25%
Krasnystaw
25%
Krosno Odrzańskie
25%
Łask
25%
Lębork
25%
Łęczna
25%
Lesko
25%
Lidzbark Warmiński
25%
Limanowa
25%
Lipno
25%
Łobez
25%
Lubań
25%
Lwówek Śląski
25%
Miechów
25%
Milicz
25%
Mława
25%
Mogilno
25%
Mrągowo
25%
Namysłów
25%
Nidzica
25%
Nowa Sól
25%
Nowe Miasto Lubawskie
25%
Nowy Dwór Gdański
25%
Nowy Targ
25%
Nysa
25%
Oława
25%
Olecko
25%
Oleśnica
25%
Olesno
25%
Opole Lubelskie
25%
Ostróda
25%
Ostrołęka
25%
Ostrowiec Świętokrzyski
25%
Ostrów Wielkopolski
25%
Oświęcim
25%
Pabianice
25%
Pisz
25%
Poddębice
25%
Police
25%
Polkowice
25%
Prudnik
25%
Puck
25%
Puławy
25%
Pułtusk
25%
Racibórz
25%
Ruda Śląska
25%
Ryki
25%
Sandomierz
25%
Sejny
25%
Siemianowice Śląskie
25%
Siemiatycze
25%
Skierniewice
25%
Słubice
25%
Sokółka
25%
Środa Śląska
25%
Starogard Gdański
25%
Strzelce Opolskie
25%
Sulęcin
25%
Szczecinek
25%
Szczytno
25%
Sztum
25%
Tczew
25%
Tomaszów Mazowiecki
25%
Trzebnica
25%
Tuchola
25%
Wąbrzeźno
25%
Wadowice
25%
Węgorzewo
25%
Wieluń
25%
Września
25%
Wschowa
25%
Wysokie Mazowieckie
25%
Wyszków
25%
Żagań
25%
Zambrów
25%
Żary
25%
Będzin
17%
Białobrzegi
17%
Białogard
17%
Bieruń
17%
Biłgoraj
17%
Brzesko
17%
Brzeziny
17%
Brzozów
17%
Busko-Zdrój
17%
Choszczno
17%
Cieszyn
17%
Dębica
17%
Drawsko Pomorskie
17%
Goleniów
17%
Golub-Dobrzyń
17%
Góra
17%
Gorlice
17%
Gostynin
17%
Grodzisk Mazowiecki
17%
Grójec
17%
Hrubieszów
17%
Janów Lubelski
17%
Jarocin
17%
Jarosław
17%
Jasło
17%
Jędrzejów
17%
Kamienna Góra
17%
Kazimierza Wielka
17%
Kępno
17%
Krosno
17%
Kutno
17%
Łańcut
17%
Łęczyca
17%
Legionowo
17%
Leżajsk
17%
Lipsko
17%
Łosice
17%
Lubartów
17%
Lubliniec
17%
Łuków
17%
Maków Mazowiecki
17%
Międzyrzecz
17%
Mikołów
17%
Mińsk Mazowiecki
17%
Myślenice
17%
Myślibórz
17%
Myszków
17%
Nakło nad Notecią
17%
Nisko
17%
Nowy Tomyśl
17%
Opatów
17%
Opoczno
17%
Ostrów Mazowiecka
17%
Otwock
17%
Pajęczno
17%
Parczew
17%
Piaseczno
17%
Pińczów
17%
Płońsk
17%
Proszowice
17%
Przeworsk
17%
Pszczyna
17%
Pyrzyce
17%
Radomsko
17%
Radzyń Podlaski
17%
Rawa Mazowiecka
17%
Ropczyce
17%
Rypin
17%
Sanok
17%
Sieradz
17%
Sierpc
17%
Sławno
17%
Sochaczew
17%
Sokołów Podlaski
17%
Starachowice
17%
Staszów
17%
Strzelce Krajeńskie
17%
Strzyżów
17%
Sucha Beskidzka
17%
Świdwin
17%
Świętochłowice
17%
Szamotuły
17%
Tarnowskie Góry
17%
Ustrzyki Dolne
17%
Wałcz
17%
Wieruszów
17%
Włodawa
17%
Włoszczowa
17%
Wodzisław Śląski
17%
Wołomin
17%
Ząbkowice Śląskie
17%
Zduńska Wola
17%
Zgierz
17%
Zgorzelec
17%
Złotoryja
17%
Żnin
17%
Żory
17%
Żuromin
17%
Zwoleń
17%
Żywiec
17%
Chodzież
8%
Czarnków
8%
Gostyń
8%
Grodzisk Wielkopolski
8%
Kościan
8%
Krotoszyn
8%
Międzychód
8%
Nowy Dwór Mazowiecki
8%
Oborniki
8%
Ostrzeszów
8%
Ożarów Mazowiecki
8%
Pleszew
8%
Przasnysz
8%
Przysucha
8%
Radziejów
8%
Rawicz
8%
Słupca
8%
Śrem
8%
Środa Wielkopolska
8%
Szydłowiec
8%
Tomaszów Lubelski
8%
Turek
8%
Wągrowiec
8%
Węgrów
8%
Wolsztyn
8%
Złotów
8%
Łosice
0%
Nie znaleziono quizów pasujących do podanych kryteriów
Rozkład punktacji
Procent ludzi z każdym wynikiem
Percentyl według liczby udzielonych odpowiedzi
Twoja historia wyników
Nie rozwiązałeś tego quizu